Gestión de la calidad en el sector público (Registro nro. 725)

Detalles MARC
000 -LEADER
fixed length control field 01578 a2200253 4500
001 - CONTROL NUMBER
control field 18043
005 - DATE AND TIME OF LATEST TRANSACTION
control field 20260407155459.0
008 - FIXED-LENGTH DATA ELEMENTS--GENERAL INFORMATION
fixed length control field 260407a2000 arg spa d
003 - CONTROL NUMBER IDENTIFIER
control field AR-UNSa-BCEJYS
040 ## - CATALOGING SOURCE
Original cataloging agency AR-UNSa-BCEJYS
Language of cataloging spa
Transcribing agency AR-UNSa-BCEJYS
080 ## - UNIVERSAL DECIMAL CLASSIFICATION NUMBER
Universal Decimal Classification number 35.08
Common auxiliary subdivision Personal administrativo. Funcionarios. plantilla. función pública. Teoría, organización
020 ## - INTERNATIONAL STANDARD BOOK NUMBER
International Standard Book Number 987-43-3225-5
041 ## - LANGUAGE CODE
Language code of text/sound track or separate title spa
100 1# - MAIN ENTRY--PERSONAL NAME
Personal name De Zuani, Elio Rafael
245 10 - TITLE STATEMENT
Title Gestión de la calidad en el sector público
Name of part/section of a work nuevas formas de organizar el trabajo
264 #1 - PRODUCTION, PUBLICATION, DISTRIBUTION, MANUFACTURE, AND COPYRIGHT NOTICE
Place of production, publication, distribution, manufacture Salta :
Name of producer, publisher, distributor, manufacturer Universidad Nacional de Salta. Facultad de Ciencias Económicas, Jurídicas y Sociales
Date of production, publication, distribution, manufacture, or copyright notice 2000
300 ## - PHYSICAL DESCRIPTION
Extent 255 p.
Dimensions 24 cm.
505 ## - FORMATTED CONTENTS NOTE
Formatted contents note 1. Las organizaciones - 2. El estado como organización social - 3. La cultura organizacional en el estado argentino - 4. De la cultura del desentendimiento entre tarea y tarea a la integración de tareas - 5. Modernización en la gestión del estado. Nuevo rol del nivel operativo - 6. El enfoque gerencial en el estado - 7. La gestión de la calidad en el estado - 8. Los principios de gestión de la calidad en el estado - 9. Herramientas para la mejora continua de la gestión - 10. La gestión visual - 11. Modelo de sistema de gestión de la calidad con orientación a procesos<br/>
590 ## - LOCAL NOTE (RLIN)
Local note niveau_biblio:m niveau_hierar:0
700 1# - ADDED ENTRY--PERSONAL NAME
Personal name Fernández, Juan José
700 1# - ADDED ENTRY--PERSONAL NAME
Personal name Martino, Luis Alberto
856 41 - ELECTRONIC LOCATION AND ACCESS
Uniform Resource Identifier <a href="https://biblioeco.unsa.edu.ar/pmb/images/libros/Gestion de la calidad en el sector publico-l117938.jpg">https://biblioeco.unsa.edu.ar/pmb/images/libros/Gestion de la calidad en el sector publico-l117938.jpg</a>
Link text Imagen de portada
Electronic format type image/jpeg
942 ## - ADDED ENTRY ELEMENTS (KOHA)
Koha item type
Existencias
Withdrawn status Lost status Damaged status Not for loan Home library Current library Shelving location Date acquired Total checkouts Full call number Barcode Date last seen Price effective from Koha item type
        Biblioteca Prof. Eusebio Cleto del Rey Biblioteca Prof. Eusebio Cleto del Rey   07/04/2026   35.08 D532g L117938 07/04/2026 07/04/2026 Libro
        Biblioteca Prof. Eusebio Cleto del Rey Biblioteca Prof. Eusebio Cleto del Rey   07/04/2026   35.08 D532g L127329 07/04/2026 07/04/2026 Libro
        Biblioteca Prof. Eusebio Cleto del Rey Biblioteca Prof. Eusebio Cleto del Rey   07/04/2026   35.08 D532g L127330 07/04/2026 07/04/2026 Libro
        Biblioteca Prof. Eusebio Cleto del Rey Biblioteca Prof. Eusebio Cleto del Rey   07/04/2026   35.08 D532g L127331 07/04/2026 07/04/2026 Libro
        Biblioteca Prof. Eusebio Cleto del Rey Biblioteca Prof. Eusebio Cleto del Rey   07/04/2026   35.08 D532g L127332 07/04/2026 07/04/2026 Libro
        Biblioteca Prof. Eusebio Cleto del Rey Biblioteca Prof. Eusebio Cleto del Rey   07/04/2026   35.08 D532g L127333 07/04/2026 07/04/2026 Libro